| 000 | 00546nam a2200193Ia 4500 | ||
|---|---|---|---|
| 008 | 120924t2008 xxu||||| |||| 00| 0 sin d | ||
| 041 | _asin | ||
| 080 |
_a8-31 (eng) _bBEM |
||
| 100 | _aBemman,Hans | ||
| 245 | _aකිඳුරු අරණ 1 | ||
| 246 | _aKinduru Arana 1 | ||
| 260 |
_aWijesuriya _aMulleriyawa _c2008 |
||
| 300 | _b451p, 21 cm | ||
| 500 | _aSinhalese Translation of Hans Bemman's of The Stone and the Flute | ||
| 700 |
_aPerera,Chithra.I _etr. |
||
| 942 | _cBK | ||
| 999 |
_c41810 _d41810 |
||
| 003 | LK-CoDNM | ||
| 040 |
_aLK-CoDNM _dLK-CoDNM _eLK-CoDNM |
||